Bundeliga-Torschützenkönige seit 2000 - Sudden Death - Statistiken

Allgemein
  • Dieses Quiz wurde 380 mal gespielt
  • Das Durchschnittsergebnis liegt bei 8 aus 22
Answers on the Grid
Answers color-coded by a green-red scale on the quiz's grid according to % correct below.
Harry Kane
Mario Mandžukić
Ivan Klasnić
Niclas Füllkrug
Luca Toni
Demba Ba
Michael Preetz
Ulf Kirsten
Christopher Nkunku
Johan Micoud
Theofanis Gekas
Dimităr Berbatov
Giovane Élber
Claudio Pizarro
Kevin Kurányi
Grafite
Ebbe Sand
Michael Ballack
Mario Gómez
Fredi Bobic
Timo Werner
Thomas Christiansen
Vedad Ibišević
Edin Džeko
Thomas Müller
Miroslav Klose
Márcio Amoroso
Marek Mintál
André Silva
Alex Meier
Pierre-Emerick Aubameyang
Lucas Barrios
Klaas-Jan Huntelaar
Milivoje Novakovič
Papiss Demba Cissé
Patrick Helmes
Stefan Kießling
Robert Lewandowski
Sergej Barbarez
Martin Max
Marco Reus
Arjen Robben
Anthony Modeste
Aílton
 
Antwortstatistiken
Antwort % Korrekt
Harry Kane
94%
Niclas Füllkrug
64%
Luca Toni
49%
Robert Lewandowski
46%
Christopher Nkunku
44%
Klaas-Jan Huntelaar
40%
Pierre-Emerick Aubameyang
40%
Alex Meier
37%
Stefan Kießling
35%
Aílton
34%
Grafite
33%
Mario Gómez
33%
Edin Džeko
31%
Theofanis Gekas
27%
Giovane Élber
26%
Miroslav Klose
26%
Martin Max
24%
Marek Mintál
20%
Ebbe Sand
19%
Sergej Barbarez
14%
Thomas Christiansen
13%
Márcio Amoroso
11%
Keine übereinstimmenden Quizze gefunden
Verteilung der Resultate
Anzahl Personen mit jedem Resultat
Perzentil nach korrekt beantworteten Fragen
Ihre Resultats-Entwicklung
Sie haben dieses Quiz noch nicht gespielt